Score 0/50 Timer 10:00
0 Plays Today
Population of Largest City State % Correct
8,175,133New York
98.7%
3,792,621California
96.1%
2,695,598Illinois
94.3%
2,100,263Texas
93.9%
1,526,006Pennsylvania
89.7%
1,445,632Arizona
87.6%
821,784Florida
82%
829,445Indiana
80.8%
787,033Ohio
79.4%
731,424North Carolina
75.2%
713,777Michigan
75.1%
646,889Tennessee
72.2%
617,594Massachusetts
71.5%
608,660Washington
71.3%
620,961Maryland
70.1%
600,158Colorado
68.8%
583,776Oregon
64.6%
597,337Kentucky
64%
583,756Nevada
63.6%
579,999Oklahoma
63.6%
594,883Wisconsin
63.4%
420,003Georgia
62.6%
459,787Missouri
62.1%
545,852New Mexico
61.6%
42,417Vermont
61.2%
Population of Largest City State % Correct
437,994Virginia
60.3%
382,578Minnesota
58.7%
408,958Nebraska
58%
390,738Hawaii
57%
59,466Wyoming
56.9%
291,826Alaska
56.4%
343,829Louisiana
54.8%
105,549North Dakota
54.8%
382,368Kansas
54.7%
104,170Montana
54.3%
66,194Maine
54.3%
153,888South Dakota
53.4%
212,237Alabama
53.2%
205,671Idaho
53%
70,851Delaware
53%
109,565New Hampshire
52.7%
203,433Iowa
51.9%
51,400West Virginia
51.7%
178,042Rhode Island
51.5%
277,140New Jersey
51.3%
144,229Connecticut
51%
193,524Arkansas
50.7%
186,440Utah
50.5%
173,514Mississippi
49.7%
129,272South Carolina
49.2%

You're not logged in!

Compare scores with friends on all Sporcle quizzes.
OR
Log In

Sporcle TV

Today on Sporcle TV


Watch our educational content, quiz creation guides, and fun videos on Sporcle TV.

Show Comments

Extras

Top Quizzes Today


Score Distribution

Paid Content

Your Account Isn't Verified!

In order to create a playlist on Sporcle, you need to verify the email address you used during registration. Go to your Sporcle Settings to finish the process.

Report this User

Report this user for behavior that violates our Community Guidelines.

Details: